[Event "CZE-chT2E 2223"]
[Site "Czech Republic"]
[Date "2023.02.05"]
[Round "8.4"]
[White "Koutny, Petr"]
[Black "Krejci, Jan"]
[Result "1-0"]
[WhiteElo "2143"]
[BlackElo "2036"]
[PlyCount "71"]
[EventDate "2022.10.16"]
[EventType "team-tourn"]
[EventRounds "11"]
[EventCountry "CZE"]
[SourceTitle "EXT 2024"]
[Source "ChessBase"]
[SourceDate "2023.10.10"]
[SourceVersion "1"]
[SourceVersionDate "2023.10.10"]
[SourceQuality "1"]
[WhiteTeam "Prusanky Podluzan"]
[BlackTeam "Litovel Tatran"]
[WhiteTeamCountry "CZE"]
[BlackTeamCountry "CZE"]

1. e4 e5 2. Nf3 Nf6 3. Nc3 Nc6 4. Bb5 Bb4 5. 0-0 0-0 6. d3 d6 7. Bg5 Bxc3 8. bxc3 Qe7 9. Re1 Nd8 10. d4 Ne6 11. Bd2 c5 12. d5 Nc7 13. Bd3 h6 14. h3 b5 15. Nh2 c4 16. Bf1 Nd7 17. Qh5 Qf6 18. Re3 Qg6 19. Qe2 Nc5 20. Rg3 Qh7 21. Re1 f5 22. exf5 Bxf5 23. Ng4 Kh8 24. f4 Ne4 25. Rf3 exf4 26. Rxf4 Rae8 27. Ne3 Qg6 28. Nxf5 Nxd2 29. Ne7 Qg5 30. Rxf8+ Rxf8 31. h4 Nf3+ 32. Qxf3 Rxf3 33. hxg5 Rxc3 34. g6 Rg3 35. Re4 Rg5 36. Rf4 1-0

[Event "Vsetin op 45th"]
[Site "Vsetin"]
[Date "2020.07.04"]
[Round "1"]
[White "Gratze, Michael"]
[Black "Koutny, Petr"]
[Result "1-0"]
[WhiteElo "1919"]
[BlackElo "2169"]
[PlyCount "129"]
[EventDate "2020.07.04"]
[EventType "swiss"]
[EventRounds "9"]
[EventCountry "CZE"]
[SourceTitle "CBM 197 Extra"]
[Source "ChessBase"]
[SourceDate "2020.09.30"]
[SourceVersion "1"]
[SourceVersionDate "2020.09.30"]
[SourceQuality "1"]

1. e4 e5 2. Nc3 Nf6 3. f4 d5 4. fxe5 Nxe4 5. Qf3 Nxc3 6. bxc3 c5 7. Bb5+ Nc6 8. Nh3 Qh4+ 9. Nf2 Be6 10. 0-0 Qd8 11. Qg3 Qb6 12. Rb1 0-0-0 13. Ba3 a6 14. Ba4 Qc7 15. Bxc6 Qxc6 16. d4 h5 17. Nd3 h4 18. Qf2 c4 19. Bxf8 cxd3 20. Bc5 dxc2 21. Qxc2 b5 22. a4 Kd7 23. Ra1 Ra8 24. Rfb1 g6 25. axb5 axb5 26. Rxa8 Rxa8 27. Qb2 h3 28. g3 Qa6 29. Qe2 Kc6 30. Bd6 Bf5 31. Rb2 Qa1+ 32. Kf2 Bd3 33. Qd2 Qf1+ 34. Ke3 Be4 35. Qe2 Qc1+ 36. Qd2 Ra1 37. Qxc1 Rxc1 38. Rf2 Bf5 39. Bb4 Rh1 40. Ra2 Kb7 41. Bc5 Be6 42. Rf2 Kb8 43. Bb4 Kc8 44. Ra2 Bf5 45. Rf2 Kd7 46. Ra2 Kd8 47. Ra8+ Kc7 48. Ra7+ Kc8 49. Ra8+ Kc7 50. Ra2 Rg1 51. Bd6+ Kb7 52. Rf2 Kc6 53. Bb4 Kd7 54. Ra2 Kd8 55. Ra8+ Kc7 56. Ra7+ Kb8 57. Rxf7 Rg2 58. Bd6+ Kc8 59. Rh7 Be6 60. Re7 Bg4 61. Kf4 Bf5 62. e6 Rxh2 63. Rc7+ Kd8 64. e7+ Ke8 65. Rb7 1-0

[Event "SVK-chT2A 1920"]
[Site "Slovakia"]
[Date "2020.03.08"]
[Round "11.1"]
[White "Koutny, Petr"]
[Black "Jancovic, Peter"]
[Result "1-0"]
[WhiteElo "2217"]
[BlackElo "2318"]
[PlyCount "107"]
[EventDate "2019.10.26"]
[EventType "team-tourn"]
[EventRounds "11"]
[EventCountry "SVK"]
[SourceTitle "CBM 195 Extra"]
[Source "ChessBase"]
[SourceDate "2020.05.31"]
[SourceVersion "1"]
[SourceVersionDate "2020.05.31"]
[SourceQuality "1"]
[WhiteTeam "Skalica"]
[BlackTeam "Bratislava Slovan V"]
[WhiteTeamCountry "SVK"]
[BlackTeamCountry "SVK"]

1. e4 c5 2. Nf3 d6 3. d4 cxd4 4. Nxd4 Nf6 5. Nc3 a6 6. f3 e6 7. Be3 b5 8. Qd2 Bb7 9. 0-0-0 b4 10. Na4 Qa5 11. b3 d5 12. Nxe6 Nbd7 13. Nxf8 Kxf8 14. e5 Ne8 15. a3 Bc6 16. Qxb4+ Qxb4 17. axb4 Nxe5 18. Nb6 Rd8 19. Bxa6 Nc7 20. Bc5+ Kg8 21. Bd3 f6 22. f4 Nxd3+ 23. Rxd3 Kf7 24. Re1 Rhe8 25. Rde3 Ne6 26. f5 Ng5 27. Re7+ Rxe7 28. Rxe7+ Kg8 29. Rc7 Be8 30. Be7 Rb8 31. Nxd5 Ne4 32. Nf4 Rb5 33. Bc5 Rb8 34. Re7 Bc6 35. Ne6 Rb7 36. Rxb7 Bxb7 37. Nd8 Bc8 38. Nc6 Kf7 39. Nd4 g6 40. g4 Bd7 41. fxg6+ hxg6 42. h3 f5 43. gxf5 gxf5 44. Nf3 Ke6 45. Be3 Kd5 46. c4+ Kd6 47. h4 Be8 48. Kb2 Bh5 49. Bf4+ Kd7 50. Nd4 Nf2 51. Bg3 Nd3+ 52. Kc3 f4 53. Kxd3 fxg3 54. Ke3 1-0

[Event "SVK-chT1W 1920"]
[Site "Slovakia"]
[Date "2019.12.08"]
[Round "6.1"]
[White "Cvek, Robert"]
[Black "Koutny, Petr"]
[Result "1-0"]
[WhiteElo "2511"]
[BlackElo "2230"]
[PlyCount "63"]
[EventDate "2019.10.12"]
[EventType "team-tourn"]
[EventRounds "11"]
[EventCountry "SVK"]
[SourceTitle "CBM 193 Extra"]
[Source "ChessBase"]
[SourceDate "2020.01.31"]
[SourceVersion "1"]
[SourceVersionDate "2020.01.31"]
[SourceQuality "1"]
[WhiteTeam "Osuske"]
[BlackTeam "Dubnica nad Vahom II"]
[WhiteTeamCountry "SVK"]
[BlackTeamCountry "SVK"]

1. c4 c6 2. Nf3 d5 3. e3 Nf6 4. Nc3 Bf5 5. cxd5 Nxd5 6. d4 e6 7. Bc4 Nd7 8. 0-0 N7f6 9. h3 h6 10. Re1 Be7 11. Qb3 Nxc3 12. bxc3 Qc7 13. a4 0-0 14. Ba3 Rab8 15. Bxe7 Qxe7 16. Nd2 Ne4 17. Nxe4 Bxe4 18. Bf1 Qg5 19. Kh1 c5 20. f3 Bc6 21. Qa3 Rfd8 22. Rab1 cxd4 23. cxd4 Rbc8 24. a5 Qg3 25. Rec1 Rd5 26. Rc5 Rcd8 27. a6 Rxc5 28. Qxc5 Rd5 29. axb7 Bxb7 30. Qc2 Rd7 31. Rxb7 Rxb7 32. Qc8+ 1-0

[Event "SVK-chT2A 1819"]
[Site "Slovakia"]
[Date "2019.03.03"]
[Round "9.1"]
[White "Koutny, Petr"]
[Black "Janos, Martin"]
[Result "1-0"]
[WhiteElo "2229"]
[BlackElo "2166"]
[PlyCount "67"]
[EventDate "2018.10.13"]
[EventType "team-tourn"]
[EventRounds "11"]
[EventCountry "SVK"]
[SourceTitle "EXT 2020"]
[Source "ChessBase"]
[SourceDate "2019.10.17"]
[SourceVersion "1"]
[SourceVersionDate "2019.10.17"]
[SourceQuality "1"]
[WhiteTeam "Skalica"]
[BlackTeam "Bratislava Slovan IV"]
[WhiteTeamCountry "SVK"]
[BlackTeamCountry "SVK"]

1. e4 c5 2. Nc3 Nc6 3. Bb5 Nd4 4. Nf3 e6 5. Nxd4 cxd4 6. Ne2 Bc5 7. 0-0 Ne7 8. c3 dxc3 9. bxc3 a6 10. Ba4 b5 11. Bc2 Bb7 12. d4 Bb6 13. a4 0-0 14. Ba3 d6 15. axb5 axb5 16. Qd3 f5 17. Qh3 Rf6 18. Bxd6 Rh6 19. Bxe7 Qxe7 20. Rxa8+ Bxa8 21. Qe3 fxe4 22. Ng3 Qc7 23. Ra1 Bc6 24. Bxe4 Rf6 25. Bxc6 Qxc6 26. Ne4 Rg6 27. Qf3 Qd5 28. Ra8+ Bd8 29. Nd2 Qd7 30. Nb3 Rf6 31. Qe4 Rf5 32. g3 Kf7 33. Nc5 Qd5 34. Rxd8 1-0

[Event "CZE-chT2E 1819"]
[Site "Czech Republic"]
[Date "2019.01.13"]
[Round "6.5"]
[White "Mlensky, Dalibor"]
[Black "Koutny, Petr"]
[Result "1-0"]
[WhiteElo "2116"]
[BlackElo "2203"]
[PlyCount "171"]
[EventDate "2018.10.14"]
[EventType "team-tourn"]
[EventRounds "11"]
[EventCountry "CZE"]
[SourceTitle "EXT 2022"]
[Source "ChessBase"]
[SourceDate "2021.10.06"]
[SourceVersion "1"]
[SourceVersionDate "2021.10.06"]
[SourceQuality "1"]
[WhiteTeam "Prusanky Podluzan"]
[BlackTeam "Vlcnov"]
[WhiteTeamCountry "CZE"]
[BlackTeamCountry "CZE"]

1. e4 c5 2. Nf3 e6 3. Nc3 d6 4. g3 Nf6 5. d4 cxd4 6. Nxd4 Be7 7. Bg2 0-0 8. 0-0 Nc6 9. a4 Bd7 10. Ndb5 Qb8 11. Bf4 e5 12. Bg5 a6 13. Bxf6 gxf6 14. Na3 Be6 15. Nd5 b5 16. axb5 axb5 17. c4 bxc4 18. Nxc4 Rxa1 19. Qxa1 Bxd5 20. exd5 Nd4 21. Na5 Qb5 22. Nc6 Nxc6 23. dxc6 d5 24. Qa7 Bd6 25. Qd7 Qc5 26. Rd1 e4 27. b4 Qxb4 28. Rxd5 Qe1+ 29. Bf1 e3 30. Qg4+ Kh8 31. Qf3 exf2+ 32. Qxf2 Qe6 33. Rh5 Kg7 34. Qd2 Rb8 35. Bd3 Kf8 36. Rxh7 Bc5+ 37. Kf1 Ke7 38. Qf4 Bd6 39. Qf5 Be5 40. Qxe6+ Kxe6 41. Rh4 Kd6 42. Rc4 Kc7 43. Rc2 Rb6 44. Be4 f5 45. Bf3 Ra6 46. Kg2 f6 47. Rd2 Bd6 48. Rb2 Kc8 49. Bd5 f4 50. Rb7 Bc7 51. g4 Ra3 52. Be6+ Kd8 53. Bb3 Ra6 54. Bd5 Ra5 55. Be4 Ra2+ 56. Kg1 Ra4 57. Bf3 Ra1+ 58. Kf2 Ra2+ 59. Be2 Rc2 60. h4 Rxc6 61. h5 Rc3 62. Rb5 Ke7 63. g5 fxg5 64. Rxg5 Kf6 65. Rd5 Be5 66. Rd3 Rc2 67. Kf3 Kg5 68. Rd5 Rc3+ 69. Bd3 Kf6 70. Ke4 Rc1 71. h6 Re1+ 72. Kf3 Rh1 73. h7 Ke6 74. Rb5 Rh3+ 75. Kg2 Rh4 76. Bc4+ Kf5 77. Bd3+ Ke6 78. Bc4+ Kf6 79. Rb6+ Kg7 80. Rb7+ Kf6 81. Rb6+ Kg7 82. Rb7+ Kf8 83. Be6 Rh6 84. Bd5 Bg7 85. Rf7+ Ke8 86. Rxg7 1-0

[Event "Vlcnov Oharka Memorial"]
[Site "Vlcnov"]
[Date "2018.12.26"]
[Round "7"]
[White "Holemar, David"]
[Black "Koutny, Petr"]
[Result "0-1"]
[WhiteElo "2287"]
[BlackElo "2257"]
[PlyCount "100"]
[EventDate "2018.12.26"]
[EventType "swiss"]
[EventRounds "9"]
[EventCountry "CZE"]
[SourceTitle "CBM 188 Extra"]
[Source "ChessBase"]
[SourceDate "2019.02.26"]
[SourceVersion "1"]
[SourceVersionDate "2019.02.26"]
[SourceQuality "1"]

1. d4 d5 2. c4 c6 3. Nf3 Nf6 4. Nc3 dxc4 5. e4 b5 6. e5 Nd5 7. Ng5 e6 8. Qh5 g6 9. Qf3 Qc7 10. Be2 h6 11. Nge4 Be7 12. 0-0 Bb7 13. Bf4 Nxc3 14. bxc3 c5 15. Nd6+ Bxd6 16. exd6 Qd7 17. Qg3 cxd4 18. cxd4 Bd5 19. Be5 Rh7 20. Rfb1 Nc6 21. Bf6 Rb8 22. h4 h5 23. Re1 Rb6 24. Bd1 Nb4 25. Be5 Nd3 26. Re3 Nxe5 27. dxe5 b4 28. Bf3 Bxf3 29. Qxf3 f5 30. Qf4 Rc6 31. Rd1 Rg7 32. Qh6 Kf7 33. Qg5 Kg8 34. Rg3 Kh7 35. Qf6 c3 36. Rg5 c2 37. Rc1 Qf7 38. Qd8 Qd7 39. Qa5 Rc4 40. Rg3 Qc6 41. Rd3 Rd7 42. Rd2 Rg4 43. f3 Rc4 44. Kf1 g5 45. hxg5 Kg6 46. Kf2 h4 47. g3 hxg3+ 48. Kxg3 Rc3 49. Rf2 Qc4 50. Qa4 Rf7 0-1

[Event "Vlcnov Oharka Memorial"]
[Site "Vlcnov"]
[Date "2018.12.26"]
[Round "8"]
[White "Koutny, Petr"]
[Black "Matejovic, Juraj"]
[Result "1-0"]
[WhiteElo "2257"]
[BlackElo "2262"]
[PlyCount "80"]
[EventDate "2018.12.26"]
[EventType "swiss"]
[EventRounds "9"]
[EventCountry "CZE"]
[SourceTitle "CBM 188 Extra"]
[Source "ChessBase"]
[SourceDate "2019.02.26"]
[SourceVersion "1"]
[SourceVersionDate "2019.02.26"]
[SourceQuality "1"]

1. e4 c5 2. Nf3 e6 3. d4 cxd4 4. Nxd4 Nc6 5. Nc3 Nf6 6. a3 d6 7. Be2 Be7 8. 0-0 0-0 9. Be3 Bd7 10. Nb3 a6 11. f4 Qc7 12. Qe1 Rac8 13. Qf2 b5 14. g4 d5 15. e5 Ne4 16. Nxe4 dxe4 17. c3 f6 18. exf6 Rxf6 19. Nd2 Rcf8 20. Nxe4 R6f7 21. Qg3 Na5 22. Rae1 Nc4 23. Bxc4 Qxc4 24. Bd4 Bc6 25. h4 Qd5 26. Kh2 Qd8 27. g5 Rf5 28. Qe3 Qe8 29. Ng3 Bd5 30. Nxf5 Rxf5 31. Qg3 Qh5 32. Re5 Rf7 33. f5 Bd6 34. Kh3 Bxe5 35. Qxe5 Bc4 36. Rf2 Qd1 37. f6 Qh1+ 38. Qh2 Qe4 39. Qb8+ Rf8 40. Qh2 Rf7 1-0

[Event "SVK-chT3A2 1819"]
[Site "Slovakia"]
[Date "2018.11.25"]
[Round "4.3"]
[White "Nicolini, Alexander"]
[Black "Koutny, Petr"]
[Result "1/2-1/2"]
[WhiteElo "2142"]
[BlackElo "2203"]
[PlyCount "172"]
[EventDate "2018.10.07"]
[EventType "team-tourn"]
[EventRounds "11"]
[EventCountry "SVK"]
[SourceTitle "EXT 2020"]
[Source "ChessBase"]
[SourceDate "2019.10.17"]
[SourceVersion "1"]
[SourceVersionDate "2019.10.17"]
[SourceQuality "1"]
[WhiteTeam "Trnava Lokomotiva II"]
[BlackTeam "Skalica II"]
[WhiteTeamCountry "SVK"]
[BlackTeamCountry "SVK"]

1. e4 c5 2. Nf3 e6 3. c3 Nf6 4. e5 Nd5 5. d4 cxd4 6. cxd4 d6 7. Nc3 Nxc3 8. bxc3 Qc7 9. Bd2 Nd7 10. exd6 Bxd6 11. Bd3 b6 12. 0-0 Bb7 13. Qe2 0-0 14. h3 Bf4 15. Bxf4 Qxf4 16. Qe3 Qd6 17. Rfd1 Rac8 18. a4 Bd5 19. Bb5 Rc7 20. a5 Rfc8 21. Rdc1 Bc4 22. Bxd7 Qxd7 23. axb6 axb6 24. Ne5 Qd5 25. h4 Qd8 26. Qg3 Bd5 27. Ra3 b5 28. Rca1 f6 29. Ng4 Kh8 30. h5 h6 31. Qe3 Qf8 32. Nh2 Qf7 33. Qh3 Qe7 34. Qe3 Qe8 35. Qh3 Qc6 36. Nf1 Qd6 37. Qe3 b4 38. cxb4 Qxb4 39. Ng3 Qb7 40. f3 Qb2 41. Re1 Rc4 42. Rd3 Rc2 43. Re2 R8c4 44. Rdd2 Qc1+ 45. Kh2 R2c3 46. Qf4 Rc8 47. Qd6 Qa3 48. Qf4 Qa7 49. Re1 Qc7 50. Qg4 Rb8 51. Kg1 Rc4 52. Ne2 e5 53. Qf5 Qb6 54. Kh2 Be6 55. Qg6 Qd6 56. Qg3 Rd8 57. Red1 Qb4 58. Qf2 Bf7 59. Qe3 exd4 60. Rxd4 Rcxd4 61. Rxd4 Rxd4 62. Qxd4 Qxd4 63. Nxd4 Bxh5 64. g4 Be8 65. f4 g6 66. Kg3 Bd7 67. g5 Kg7 68. gxh6+ Kxh6 69. Kh4 Kg7 70. Kg3 Kf7 71. Kf3 Ke7 72. Ke3 Kd6 73. Nf3 Kd5 74. Nh4 Be8 75. Nf3 Ba4 76. Nd4 Bd1 77. Nb5 Bh5 78. Nd4 Kc4 79. Ne6 Kc3 80. Nc7 Kc2 81. Nd5 f5 82. Kd4 Kd2 83. Ke5 Ke2 84. Ne7 Kf3 85. Nxf5 gxf5 86. Kxf5 Bg4+ 1/2-1/2

[Event "CZE-chT2E 1819"]
[Site "Czech Republic"]
[Date "2018.10.14"]
[Round "1.6"]
[White "Vicenec, Roman"]
[Black "Koutny, Petr"]
[Result "0-1"]
[WhiteElo "2015"]
[BlackElo "2203"]
[PlyCount "148"]
[EventDate "2018.10.14"]
[EventType "team-tourn"]
[EventRounds "11"]
[EventCountry "CZE"]
[SourceTitle "EXT 2022"]
[Source "ChessBase"]
[SourceDate "2021.10.06"]
[SourceVersion "1"]
[SourceVersionDate "2021.10.06"]
[SourceQuality "1"]
[WhiteTeam "Velke Losiny"]
[BlackTeam "Vlcnov"]
[WhiteTeamCountry "CZE"]
[BlackTeamCountry "CZE"]

1. e4 c5 2. Nf3 e6 3. d4 cxd4 4. Nxd4 Nf6 5. Nc3 d6 6. Be3 Be7 7. Be2 0-0 8. 0-0 Nc6 9. Qd2 Bd7 10. Ndb5 Ne8 11. Bf4 e5 12. Be3 a6 13. Na3 b5 14. Nd5 Be6 15. c4 b4 16. Nc2 a5 17. Nxe7+ Qxe7 18. Rad1 Rd8 19. b3 h6 20. Bf3 Nf6 21. h3 Qb7 22. Kh2 Nb8 23. Rfe1 Na6 24. Qe2 Qc6 25. Rd3 Bc8 26. g3 Bb7 27. Bh1 Nd7 28. f3 Nac5 29. Rd2 Ne6 30. Red1 Ndc5 31. h4 Qc7 32. Bg2 f5 33. exf5 Rxf5 34. Rf1 Rdf8 35. Qd1 Rd8 36. Bh3 Rf6 37. Qe2 Rdf8 38. Bg4 Kh7 39. h5 Kh8 40. Qd1 e4 41. Rxd6 exf3 42. Bxc5 Nxc5 43. Rxf6 Rxf6 44. Bxf3 Qf7 45. Bg2 Rxf1 46. Qxf1 Qxh5+ 47. Kg1 Bxg2 48. Kxg2 Qe5 49. Qf2 Kg8 50. Ne1 Ne4 51. Nf3 Qd6 52. Qe1 Qd3 53. Ng1 Qc2+ 54. Qe2 Qb1 55. Nf3 Nc3 56. Qe6+ Kh7 57. c5 Qc2+ 58. Kh3 Qd3 59. Nh4 Nd5 60. Qf5+ Qxf5+ 61. Nxf5 Kg6 62. Nd4 Kf6 63. Nc6 Nc3 64. Nxa5 Nxa2 65. Kg4 g6 66. Kf4 h5 67. c6 g5+ 68. Kf3 Ke6 69. c7 Kd7 70. Nc6 Kxc7 71. Nxb4 Nxb4 72. Ke4 Kd6 73. Kf5 g4 74. Kg5 Ke5 0-1

[Event "Levice op"]
[Site "Levice"]
[Date "2018.08.04"]
[Round "4"]
[White "Balogh, Peter1111"]
[Black "Koutny, Petr"]
[Result "0-1"]
[WhiteElo "2079"]
[BlackElo "2193"]
[PlyCount "44"]
[EventDate "2018.08.02"]
[EventType "swiss"]
[EventRounds "7"]
[EventCountry "SVK"]
[SourceTitle "CBM 185 Extra"]
[Source "ChessBase"]
[SourceDate "2018.07.29"]
[SourceVersion "1"]
[SourceVersionDate "2018.07.29"]
[SourceQuality "1"]

1. d4 Nf6 2. Nc3 c5 3. d5 d6 4. e4 g6 5. f4 Bg7 6. Nf3 0-0 7. a4 e6 8. dxe6 Bxe6 9. Bd3 Nc6 10. 0-0 c4 11. Be2 Qb6+ 12. Kh1 Ng4 13. Qe1 Nb4 14. Bd1 d5 15. exd5 Nxd5 16. Nxd5 Bxd5 17. Qg3 Ne3 18. Bxe3 Qxe3 19. c3 Rfe8 20. Bc2 Bxf3 21. Rxf3 Qd2 22. Qf2 Re2 0-1

[Event "Bratislava Doprastav op"]
[Site "Bratislava"]
[Date "2018.03.31"]
[Round "4"]
[White "Koutny, Petr"]
[Black "Jablonicky, Martin"]
[Result "1/2-1/2"]
[WhiteElo "2168"]
[BlackElo "2338"]
[PlyCount "104"]
[EventDate "2018.03.29"]
[EventType "swiss"]
[EventRounds "7"]
[EventCountry "SVK"]
[SourceTitle "CBM 183 Extra"]
[Source "ChessBase"]
[SourceDate "2018.04.19"]
[SourceVersion "1"]
[SourceVersionDate "2018.04.19"]
[SourceQuality "1"]

1. e4 g6 2. d4 Bg7 3. Nc3 a6 4. f4 d5 5. Nxd5 c6 6. Ne3 Qxd4 7. Qxd4 Bxd4 8. Nf3 Ba7 9. Bd2 Nf6 10. Bd3 0-0 11. Ke2 Nbd7 12. e5 Nh5 13. g3 Nc5 14. Bb4 Nxd3 15. Kxd3 Re8 16. Ke2 Ng7 17. Rhd1 Nf5 18. Nxf5 Bxf5 19. c4 f6 20. Rd2 Kf7 21. Bc3 b5 22. cxb5 axb5 23. a4 Bb6 24. a5 c5 25. b4 Ba7 26. bxc5 Bxc5 27. Bd4 Rec8 28. exf6 exf6 29. Bxc5 Rxc5 30. Rb2 Bc2 31. Nd4 Ba4 32. Kf2 Rd5 33. Nc6 Rd6 34. Rc1 Kg7 35. Nb4 Rxa5 36. Rc7+ Kh6 37. Re2 Bb3 38. Ree7 Bg8 39. Re8 Be6 40. Ree7 Bg8 41. Rc8 Ra4 42. Rxg8 Rxb4 43. Rgg7 Kh5 44. Rxh7+ Kg4 45. h3+ Kf5 46. Re3 g5 47. Rg7 Re4 48. Rxe4 Kxe4 49. fxg5 fxg5 50. Rxg5 Rd2+ 51. Ke1 Rh2 52. Rxb5 Rxh3 1/2-1/2

[Event "SVK-chT3A2 1718"]
[Site "Slovakia"]
[Date "2018.03.04"]
[Round "10.1"]
[White "Brunovsky, Peter"]
[Black "Koutny, Petr"]
[Result "0-1"]
[WhiteElo "1853"]
[BlackElo "2169"]
[PlyCount "84"]
[EventDate "2017.10.08"]
[EventType "team-tourn"]
[EventRounds "11"]
[EventCountry "SVK"]
[SourceTitle "EXT 2020"]
[Source "ChessBase"]
[SourceDate "2019.10.17"]
[SourceVersion "1"]
[SourceVersionDate "2019.10.17"]
[SourceQuality "1"]
[WhiteTeam "Gbely Nafta II"]
[BlackTeam "Skalica"]
[WhiteTeamCountry "SVK"]
[BlackTeamCountry "SVK"]

1. c4 Nf6 2. Nc3 d5 3. cxd5 Nxd5 4. g3 g6 5. Bg2 Nb6 6. Nf3 Bg7 7. 0-0 0-0 8. d3 Nc6 9. Be3 Re8 10. Qd2 a5 11. Rac1 Nb4 12. Rfd1 c6 13. h3 N6d5 14. Nxd5 cxd5 15. a3 Nc6 16. d4 a4 17. Qc3 Na5 18. Qc7 Nc4 19. Qxd8 Rxd8 20. Nd2 Nxb2 21. Re1 Be6 22. Rc7 b5 23. Rb1 Nc4 24. Rxb5 Nxa3 25. Rbb7 Nc4 26. Nxc4 dxc4 27. Ra7 Rxa7 28. Rxa7 Bxd4 29. Bxd4 Rxd4 30. Rxa4 Rd1+ 31. Kh2 Rd2 32. Bf3 Kg7 33. Ra3 Kf6 34. Kg2 Ke5 35. e3 Kd6 36. Ra6+ Kc5 37. Rc6+ Kb4 38. Rc7 c3 39. Rb7+ Ka3 40. Ra7+ Kb2 41. Rxe7 c2 42. Rb7+ Bb3 0-1

[Event "SVK-chT2C 1718"]
[Site "Slovakia"]
[Date "2018.01.13"]
[Round "5.2"]
[White "Koutny, Petr"]
[Black "Banduka, Zeljko"]
[Result "1-0"]
[WhiteElo "2177"]
[BlackElo "2066"]
[PlyCount "117"]
[EventDate "2017.10.28"]
[EventType "team-tourn"]
[EventRounds "11"]
[EventCountry "SVK"]
[SourceTitle "EXT 2019"]
[Source "ChessBase"]
[SourceDate "2018.10.10"]
[SourceVersion "1"]
[SourceVersionDate "2018.10.10"]
[SourceQuality "1"]
[WhiteTeam "Bziny"]
[BlackTeam "Liptovska Stiavnica"]
[WhiteTeamCountry "SVK"]
[BlackTeamCountry "SVK"]

1. e4 c5 2. c3 Qa5 3. Nf3 Nc6 4. Bc4 b5 5. Bb3 Nf6 6. e5 c4 7. exf6 cxb3 8. fxe7 Bxe7 9. Qxb3 0-0 10. 0-0 b4 11. d4 Ba6 12. Re1 bxc3 13. Nxc3 Bb4 14. Bd2 d5 15. a3 Bc4 16. Qc2 Bxc3 17. Bxc3 Qb5 18. Re3 Rfe8 19. Rae1 Rxe3 20. Rxe3 g6 21. h4 Qb8 22. Qd2 Qc8 23. Qe1 Bb5 24. b3 Nd8 25. Bb4 Ne6 26. Bd6 Qd7 27. Be5 Rc8 28. a4 Ba6 29. Qd2 Qe7 30. Qa5 Bb7 31. Qxa7 Qb4 32. a5 Ra8 33. Qb6 Qxb6 34. axb6 Ra6 35. Rc3 Rxb6 36. Kf1 Kf8 37. Ke2 f6 38. Bg3 h6 39. Ke3 g5 40. Ne1 Ba6 41. f4 gxf4+ 42. Bxf4 h5 43. Nc2 Kf7 44. Bc7 Rb7 45. Bd6 Ng7 46. Kf4 Rb6 47. Bc5 Re6 48. Re3 Bf1 49. Kf3 Nf5 50. Rxe6 Kxe6 51. g3 Bd3 52. Ne1 Be4+ 53. Kf4 Kd7 54. Nf3 Ng7 55. g4 Ne6+ 56. Kg3 hxg4 57. Kxg4 Kc6 58. b4 Kd7 59. h5 1-0

[Event "SVK-chT4 A21 1718"]
[Site "Slovakia"]
[Date "2017.11.26"]
[Round "5.1"]
[White "Miciak, Emanuel"]
[Black "Koutny, Petr"]
[Result "0-1"]
[WhiteElo "1885"]
[BlackElo "2177"]
[PlyCount "72"]
[EventDate "2017.10.01"]
[EventType "team-tourn"]
[EventRounds "11"]
[EventCountry "SVK"]
[SourceTitle "EXT 2019"]
[Source "ChessBase"]
[SourceDate "2018.10.10"]
[SourceVersion "1"]
[SourceVersionDate "2018.10.10"]
[SourceQuality "1"]
[WhiteTeam "Vrbove II"]
[BlackTeam "Skalica II"]
[WhiteTeamCountry "SVK"]
[BlackTeamCountry "SVK"]

1. d4 Nf6 2. c4 g6 3. Nc3 d5 4. cxd5 Nxd5 5. e4 Nxc3 6. bxc3 Bg7 7. Bc4 0-0 8. Ne2 c5 9. 0-0 Nc6 10. Be3 Na5 11. Bd3 b6 12. Qd2 cxd4 13. cxd4 Bb7 14. Rac1 e6 15. h4 Qd7 16. Rfd1 Rac8 17. h5 Rxc1 18. Rxc1 Rc8 19. Rxc8+ Qxc8 20. h6 Bf8 21. Qc1 Nc6 22. a3 Na5 23. Qxc8 Bxc8 24. a4 f6 25. e5 f5 26. Nc3 Kf7 27. Nb5 Ba6 28. f3 Nc6 29. Bc4 Nb4 30. Bb3 Bxb5 31. axb5 Be7 32. g4 fxg4 33. fxg4 Nd5 34. Bd2 Bb4 35. Bg5 Bc3 36. Bxd5 Bxd4+ 0-1

[Event "CZE-chT2E 1718"]
[Site "Czech Republic"]
[Date "2017.11.19"]
[Round "3.4"]
[White "Koutny, Petr"]
[Black "Kapusta, Petr"]
[Result "1/2-1/2"]
[WhiteElo "2169"]
[BlackElo "2115"]
[PlyCount "112"]
[EventDate "2017.10.15"]
[EventType "team-tourn"]
[EventRounds "11"]
[EventCountry "CZE"]
[SourceTitle "EXT 2022"]
[Source "ChessBase"]
[SourceDate "2021.10.06"]
[SourceVersion "1"]
[SourceVersionDate "2021.10.06"]
[SourceQuality "1"]
[WhiteTeam "Vlcnov"]
[BlackTeam "Kromeriz Slavia II"]
[WhiteTeamCountry "CZE"]
[BlackTeamCountry "CZE"]

1. e4 c5 2. c3 d6 3. d4 cxd4 4. cxd4 Nf6 5. Nc3 g6 6. Nf3 Bg7 7. h3 0-0 8. Bd3 Nc6 9. 0-0 e5 10. dxe5 dxe5 11. Bg5 h6 12. Be3 Be6 13. Bb5 Qc7 14. Rc1 Rfd8 15. Qa4 Nd4 16. Nxd4 exd4 17. Nd5 Qe5 18. Bxd4 Qg5 19. Nxf6+ Bxf6 20. Bxf6 Qxf6 21. Bc4 Rd4 22. Qb3 Bxc4 23. Rxc4 Rxc4 24. Qxc4 Qxb2 25. Rd1 Re8 26. f4 Qb6+ 27. Kh2 Qe6 28. Rd4 Qxc4 29. Rxc4 b5 30. Rb4 Rb8 31. a4 a6 32. axb5 axb5 33. Kg3 Kf8 34. f5 Ke7 35. Kf4 Kd6 36. Rd4+ Kc5 37. Rd7 b4 38. Rxf7 b3 39. Rc7+ Kd6 40. Rc1 g5+ 41. Kg4 Ke5 42. Kh5 Rb6 43. Rb1 b2 44. g4 Kxe4 45. f6 Rxf6 46. Rxb2 Kf3 47. Rb3+ Kg2 48. h4 gxh4 49. Kxh4 Ra6 50. Rb5 Rc6 51. Rb3 Ra6 52. Rb8 Rc6 53. Rh8 Ra6 54. Kh5 Kg3 55. Rxh6 Rxh6+ 56. Kxh6 Kxg4 1/2-1/2

[Event "SVK-chT4 A21 1718"]
[Site "Slovakia"]
[Date "2017.11.12"]
[Round "4.1"]
[White "Koutny, Petr"]
[Black "Vojtkova, Linda"]
[Result "1-0"]
[WhiteElo "2177"]
[BlackElo "1438"]
[PlyCount "63"]
[EventDate "2017.10.01"]
[EventType "team-tourn"]
[EventRounds "11"]
[EventCountry "SVK"]
[SourceTitle "EXT 2019"]
[Source "ChessBase"]
[SourceDate "2018.10.10"]
[SourceVersion "1"]
[SourceVersionDate "2018.10.10"]
[SourceQuality "1"]
[WhiteTeam "Skalica II"]
[BlackTeam "Modranka Komplet"]
[WhiteTeamCountry "SVK"]
[BlackTeamCountry "SVK"]

1. e4 c5 2. Nf3 d6 3. d4 cxd4 4. Nxd4 Nf6 5. Nc3 Nc6 6. Be2 e5 7. Nb3 Be7 8. 0-0 0-0 9. Kh1 Be6 10. f4 exf4 11. Bxf4 Ne5 12. Nd4 Rc8 13. Qe1 a6 14. Qg3 Qc7 15. Bg5 Ng6 16. Nf5 Rcd8 17. h4 Kh8 18. h5 Bxf5 19. Rxf5 Nxh5 20. Bxh5 Bxg5 21. Rxg5 Qe7 22. Bxg6 fxg6 23. Rd1 Rf7 24. Rgd5 Rdf8 25. Kg1 b5 26. R5d4 h5 27. Nd5 Qe6 28. Ne3 Qe7 29. Qxg6 Rf6 30. Nd5 Rxg6 31. Nxe7 Rgf6 32. Rxd6 1-0